下辖县级行政区面积最接近的地级行政区 - Statistics

General Stats
  • This quiz has been taken 9 times
  • The average score is 20 of 23
Answer Stats
比值 省级行政区 地级行政区 % Correct
0.044 广东省 珠海市
100%
0.127 江西省 新余市
100%
0.186 山东省 威海市
100%
0.209 山东省 聊城市
100%
0.037 安徽省 亳州市
88%
0.088 湖北省 鄂州市
88%
0.098 福建省 龙岩市
88%
0.111 云南省 西双版纳傣族自治州
88%
0.172 陕西省 商洛市
88%
0.174 浙江省 嘉兴市
88%
0.182 广西壮族自治区 钦州市
88%
0.186 山西省 朔州市
88%
0.2 宁夏回族自治区 中卫市
88%
0.201 内蒙古自治区 阿拉善盟
88%
0.204 江西省 抚州市
88%
0.22 贵州省 黔南布依族苗族自治州
88%
0.227 河南省 信阳市
88%
0.239 西藏自治区 昌都市
88%
0.242 甘肃省 定西市
88%
0.126 黑龙江省 大兴安岭地区
75%
0.18 云南省 临沧市
75%
0.202 云南省 怒江傈僳族自治州
75%
0.242 河南省 驻马店市
75%
No matching quizzes found
Score Distribution
Percent of People with Each Score
Percentile by Number Answered
Your Score History
You have not taken this quiz